000 00455nam a2200169Ia 4500
001 23047
005 20260414150911.0
008 260414t2017||||xx |||||||||||||| ||spa||
041 _aESP
082 _a624.1762
_bV66 2017
100 _aVillarreal Castro, Genner
_eAUT
245 0 _aInteracción sísmica suelo-estructura en edificaciones con plateas de cimentación
_b
260 _c2017
650 _a0
654 _aCIC
942 _cLIB
_dJUS
_fJUS
_2ddc
_n
999 _c23047
_d23047